[Event "Saarland-ch Seniors 87th"]
[Site "Voelklingen"]
[Date "2012.04.01"]
[Round "3"]
[White "Ewen, Ewald"]
[Black "Becker, Alois"]
[Result "0-1"]
[WhiteElo "1343"]
[BlackElo "1646"]
[PlyCount "108"]
[EventDate "2012.03.30"]
[EventType "swiss"]
[EventRounds "7"]
[EventCountry "GER"]
[SourceTitle "EXT 2013"]
[Source "ChessBase"]
[SourceDate "2012.11.22"]
[SourceVersion "1"]
[SourceVersionDate "2012.11.22"]
[SourceQuality "1"]

1. c4 Nf6 2. Nc3 e5 3. d3 g6 4. Nf3 d6 5. g3 Bg7 6. Bg2 0-0 7. 0-0 c6 8. Bd2 a5 9. a3 Bd7 10. Be3 Ng4 11. Bd2 f5 12. h3 Nf6 13. b4 axb4 14. axb4 Rxa1 15. Qxa1 e4 16. dxe4 Nxe4 17. Qc1 Nxd2 18. Qxd2 Qf6 19. Nd1 Re8 20. e3 Na6 21. c5 Be6 22. cxd6 Rd8 23. Re1 Bb3 24. Qd3 Ba4 25. Qa3 Bb5 26. Bf1 Bxf1 27. Kxf1 Qxd6 28. Qb3+ Qd5 29. Qxd5+ Rxd5 30. g4 Nxb4 31. Nd4 fxg4 32. hxg4 c5 33. Ne6 Nc2 34. Nxg7 Nxe1 35. Kxe1 Kxg7 36. Ke2 Kf6 37. Nc3 Rd7 38. f4 Ke6 39. Ne4 b6 40. g5 Ra7 41. Kd3 Ra3+ 42. Kc4 Ra4+ 43. Kd3 Ra3+ 44. Kd2 Ra2+ 45. Kc3 Rh2 46. Kc4 Re2 47. Kd3 Re1 48. Kd2 Rb1 49. Kc2 Ra1 50. Kd3 Ra7 51. Kc4 Rf7 52. Kb5 Kd5 53. Nf6+ Rxf6 54. gxf6 Ke6 0-1

[Event "Saarland-ch Seniors"]
[Site "Eppelborn"]
[Date "2008.03.26"]
[Round "3"]
[White "Ewen, Ewald"]
[Black "Gross, Ernst"]
[Result "0-1"]
[WhiteElo "1372"]
[BlackElo "1604"]
[PlyCount "120"]
[EventDate "2008.03.15"]
[EventType "swiss"]
[EventRounds "9"]
[EventCountry "GER"]
[SourceTitle "EXT 2010"]
[Source "ChessBase"]
[SourceDate "2010.11.25"]
[SourceVersion "1"]
[SourceVersionDate "2010.11.25"]
[SourceQuality "1"]

1. Nf3 Nf6 2. c4 e6 3. d4 Bb4+ 4. Bd2 Qe7 5. Nc3 b6 6. e3 Ba6 7. Be2 0-0 8. 0-0 Bb7 9. a3 Bxc3 10. Bxc3 d6 11. h3 c5 12. Qc1 Nbd7 13. b4 cxd4 14. Bxd4 Rac8 15. Qb2 Rc7 16. Bxf6 Nxf6 17. Rac1 Rfc8 18. Qa2 d5 19. c5 bxc5 20. bxc5 Rxc5 21. Rxc5 Qxc5 22. Nd4 Ne4 23. Qb2 Nd6 24. a4 Qc3 25. Qb1 g6 26. Nb5 Nxb5 27. Bxb5 a6 28. Be2 Rc7 29. Qb6 Qc5 30. Rb1 Qc6 31. a5 Bc8 32. Qxc6 Rxc6 33. Rb8 Kg7 34. Rb6 Rxb6 35. axb6 Kf6 36. Kf1 Ke7 37. Ke1 Kd6 38. Kd2 Kc5 39. Kc3 Kxb6 40. Kb4 Bd7 41. h4 h5 42. g4 hxg4 43. Bxg4 a5+ 44. Kc3 Kc5 45. h5 gxh5 46. Bxh5 f6 47. Bg4 f5 48. Bd1 e5 49. Bc2 f4 50. Bg6 a4 51. Bh7 Bb5 52. Bg6 d4+ 53. exd4+ exd4+ 54. Kd2 Kb4 55. Kc2 Bc4 56. Kb2 a3+ 57. Ka1 d3 58. Bxd3 Bxd3 59. Ka2 Be2 60. Kb1 Kc3 0-1

[Event "Saarland-ch Seniors"]
[Site "Eppelborn"]
[Date "2008.03.26"]
[Round "6"]
[White "Maas, Karl Heinz"]
[Black "Ewen, Ewald"]
[Result "1-0"]
[WhiteElo "1388"]
[BlackElo "1372"]
[PlyCount "117"]
[EventDate "2008.03.15"]
[EventType "swiss"]
[EventRounds "9"]
[EventCountry "GER"]
[SourceTitle "EXT 2010"]
[Source "ChessBase"]
[SourceDate "2010.11.25"]
[SourceVersion "1"]
[SourceVersionDate "2010.11.25"]
[SourceQuality "1"]

1. d4 d5 2. e3 c6 3. Bd3 Nf6 4. Nf3 Bg4 5. Nbd2 Bc8 6. 0-0 e6 7. Re1 c5 8. c3 c4 9. Bc2 Be7 10. Ne5 Nbd7 11. Ndf3 Nxe5 12. Nxe5 Nd7 13. f4 Nxe5 14. fxe5 g6 15. e4 Bg5 16. Rf1 Bxc1 17. Qxc1 Qe7 18. Qf4 Bd7 19. b3 Rf8 20. bxc4 dxc4 21. Qh6 Rh8 22. Qg7 Qf8 23. Qf6 Rg8 24. a4 Qe7 25. Qf4 Rf8 26. a5 Bc6 27. Ba4 Bxa4 28. Rxa4 Rc8 29. Rb4 Rc7 30. d5 Qc5+ 31. Qf2 Qxf2+ 32. Rxf2 f5 33. d6 Rd7 34. Rxc4 Kf7 35. Rb2 Rb8 36. Rc7 Ke8 37. Rb4 Kd8 38. Rbc4 h6 39. exf5 gxf5 40. Rxd7+ Kxd7 41. Rc7+ Kd8 42. Rh7 Rc8 43. Rh8+ Kd7 44. Rxc8 Kxc8 45. Kf2 Kd7 46. Kf3 Kc6 47. g4 fxg4+ 48. Kxg4 a6 49. Kh5 b6 50. Kg6 bxa5 51. c4 a4 52. Kf6 Kd7 53. c5 a3 54. c6+ Kd8 55. Kxe6 a2 56. c7+ Kc8 57. Ke7 a1Q 58. d7+ Kb7 59. c8Q+ 1-0

[Event "Saarland-ch Seniors 26th"]
[Site "Germany"]
[Date "2007.04.01"]
[Round "3"]
[White "Backes, Robert"]
[Black "Ewen, Ewald"]
[Result "1-0"]
[WhiteElo "1526"]
[BlackElo "1370"]
[PlyCount "145"]
[EventDate "2007.03.30"]
[EventType "swiss"]
[EventRounds "9"]
[EventCountry "GER"]
[SourceTitle "EXT 2008"]
[Source "ChessBase"]
[SourceDate "2007.11.25"]
[SourceVersion "1"]
[SourceVersionDate "2007.11.25"]
[SourceQuality "1"]

1. e4 c5 2. c3 Nc6 3. d4 cxd4 4. cxd4 e6 5. Nf3 d6 6. Nc3 Nf6 7. Be2 Be7 8. 0-0 0-0 9. a3 a6 10. b4 Bd7 11. Bb2 h6 12. Rc1 Rc8 13. Re1 b5 14. h3 Be8 15. Bd3 Bd7 16. Bb1 Kh8 17. Qd3 e5 18. Ne2 Qb6 19. dxe5 dxe5 20. Nxe5 Nxe5 21. Bxe5 Be6 22. Bd4 Bc4 23. Bxb6 Bxd3 24. Bxd3 Rfe8 25. Rxc8 Rxc8 26. Rc1 Rxc1+ 27. Nxc1 Nd7 28. Bd4 f6 29. Nb3 Kg8 30. f4 Kf7 31. Kf2 g5 32. fxg5 hxg5 33. g4 Bd6 34. Kf3 Ke7 35. Bc5 Ne5+ 36. Ke2 Nc6 37. Bxd6+ Kxd6 38. Nc5 Nb8 39. Ke3 Ke5 40. Bc2 Kd6 41. a4 bxa4 42. Bxa4 Ke5 43. Bc2 Kd6 44. Bd3 Kc6 45. Nxa6 Nd7 46. Kd4 Ne5 47. Be2 Kb6 48. Nc5 Nc6+ 49. Kc3 Ne5 50. Na4+ Kc6 51. Kd4 Kd6 52. b5 Nd7 53. b6 Kc6 54. b7 Nb8 55. Nc5 Kc7 56. Bf3 Nc6+ 57. Kd3 Kb6 58. b8Q+ Nxb8 59. Kd4 Nc6+ 60. Kd5 Ne7+ 61. Kd6 Nc8+ 62. Ke6 Kxc5 63. Kxf6 Nd6 64. Kxg5 Nf7+ 65. Kf4 Kd6 66. h4 Ke7 67. g5 Kf8 68. e5 Kg7 69. Bd5 Nh8 70. h5 Kf8 71. g6 Kg7 72. Kg5 Nxg6 73. hxg6 1-0

[Event "Saarland-ch Seniors 24th"]
[Site "Steinrausch"]
[Date "2005.03.25"]
[Round "8"]
[White "Ewen, Ewald"]
[Black "Wolf, Margot"]
[Result "1/2-1/2"]
[WhiteElo "1384"]
[BlackElo "1320"]
[PlyCount "40"]
[EventDate "2005.03.18"]
[EventType "swiss"]
[EventRounds "9"]
[EventCountry "GER"]
[SourceTitle "EXT 2006"]
[Source "ChessBase"]
[SourceDate "2005.11.24"]
[SourceVersion "1"]
[SourceVersionDate "2005.11.24"]
[SourceQuality "1"]

1. d4 d5 2. Nf3 Nf6 3. Bf4 Bf5 4. e3 e6 5. h3 Bd6 6. Bxd6 Qxd6 7. Bd3 Bxd3 8. Qxd3 c6 9. 0-0 Nbd7 10. c4 dxc4 11. Qxc4 0-0 12. Nc3 e5 13. dxe5 Nxe5 14. Nxe5 Qxe5 15. Rad1 Rad8 16. Rxd8 Rxd8 17. Qe2 Nd5 18. Nxd5 Rxd5 19. Rd1 Qd6 20. Rxd5 Qxd5 1/2-1/2

[Event "Saarland-ch Seniors 24th"]
[Site "Steinrausch"]
[Date "2005.03.22"]
[Round "5"]
[White "Backes, Robert"]
[Black "Ewen, Ewald"]
[Result "1-0"]
[WhiteElo "1565"]
[BlackElo "1384"]
[PlyCount "51"]
[EventDate "2005.03.18"]
[EventType "swiss"]
[EventRounds "9"]
[EventCountry "GER"]
[SourceTitle "EXT 2006"]
[Source "ChessBase"]
[SourceDate "2005.11.24"]
[SourceVersion "1"]
[SourceVersionDate "2005.11.24"]
[SourceQuality "1"]

1. e4 e6 2. d4 d5 3. e5 c5 4. c3 cxd4 5. cxd4 Nc6 6. Nf3 Bb4+ 7. Nc3 Nge7 8. Be3 0-0 9. a3 Ba5 10. b4 Bc7 11. Bd3 Ng6 12. Nb5 a6 13. Nxc7 Qxc7 14. Rc1 Qd7 15. Qe2 Qe8 16. h4 h6 17. h5 Nge7 18. g4 f5 19. g5 Rf7 20. gxh6 gxh6 21. Bxh6 Kh8 22. Qd2 Ng8 23. Ke2 Nxh6 24. Qxh6+ Rh7 25. Qf6+ Rg7 26. h6 1-0

[Event "Saarland-ch Seniors 23rd"]
[Site "Saarlouis"]
[Date "2004.04.04"]
[Round "3"]
[White "Ewen, Ewald"]
[Black "Wolf, Margot"]
[Result "1/2-1/2"]
[WhiteElo "1425"]
[BlackElo "1278"]
[PlyCount "44"]
[EventDate "2004.04.02"]
[EventType "swiss"]
[EventRounds "9"]
[EventCountry "GER"]
[SourceTitle "CBM 099 Extra"]
[Source "ChessBase"]
[SourceDate "2004.05.04"]
[SourceVersion "1"]
[SourceVersionDate "2004.05.04"]
[SourceQuality "1"]

1. c4 e6 2. Nc3 d5 3. cxd5 exd5 4. d4 Nf6 5. Nf3 c6 6. Bg5 Be7 7. e3 0-0 8. Be2 Bf5 9. Qb3 Bc8 10. 0-0 Nbd7 11. Rac1 Qb6 12. Qxb6 Nxb6 13. a3 Nbd7 14. h3 Re8 15. Rfe1 Ne4 16. Bxe7 Rxe7 17. a4 Nxc3 18. bxc3 Nf6 19. Rb1 Rb8 20. c4 dxc4 21. Bxc4 Be6 22. Bxe6 Rxe6 1/2-1/2

[Event "Voelklingen ST-ch"]
[Site "Voelklingen"]
[Date "2003.04.11"]
[Round "1.5"]
[White "Passeier, Helmut"]
[Black "Ewen, Ewald"]
[Result "1-0"]
[WhiteElo "1792"]
[BlackElo "1383"]
[PlyCount "63"]
[EventDate "2003.04.11"]
[EventType "swiss"]
[EventRounds "7"]
[EventCountry "GER"]
[SourceTitle "EXT 2004"]
[Source "ChessBase"]
[SourceDate "2003.11.25"]
[SourceVersion "1"]
[SourceVersionDate "2003.11.25"]
[SourceQuality "1"]

1. d4 d5 2. c4 Nf6 3. Nc3 e6 4. e3 Be7 5. Qc2 c6 6. Nf3 h6 7. Bd3 Nbd7 8. b3 Bd6 9. Bb2 e5 10. cxd5 exd4 11. dxc6 bxc6 12. exd4 0-0 13. 0-0 Nb6 14. Ne4 Nxe4 15. Bxe4 Rb8 16. Ne5 Bxe5 17. dxe5 Be6 18. Ba3 Bd5 19. Bxf8 Qxf8 20. Rfe1 Qe7 21. f4 Rd8 22. Bxd5 cxd5 23. f5 Rc8 24. Qf2 Qf8 25. Rac1 Rxc1 26. Rxc1 Qd8 27. Qd4 Qg5 28. Rf1 Qd8 29. e6 fxe6 30. fxe6 Qe7 31. Rf7 Qxe6 32. Qxg7# 1-0